|
|
|
|
| LEADER |
01416nam a2200373 4500 |
| 001 |
ocn772909712 |
| 003 |
OCoLC |
| 005 |
20180501121953.0 |
| 006 |
m o d |
| 007 |
cr cn||||||||| |
| 008 |
120116s1984 ne o 001 0 eng d |
| 040 |
|
|
|a OPELS
|b eng
|e pn
|c OPELS
|d OCLCQ
|d OCLCF
|d OCLCO
|d OCLCQ
|d DEBBG
|d GrThAP
|
| 020 |
|
|
|a 9780444868510
|q (electronic bk.)
|
| 020 |
|
|
|a 0444868518
|q (electronic bk.)
|
| 035 |
|
|
|a (OCoLC)772909712
|
| 050 |
|
4 |
|a QD172.R2
|b H36 v.7
|
| 082 |
0 |
4 |
|a 553.4/94
|2 23
|
| 049 |
|
|
|a TEFA
|
| 245 |
0 |
0 |
|a Handbook on the physics and chemistry of rare earths.
|n Vol. 7 /
|c Karl A Gschneidner, Le Roy Eyring.
|
| 260 |
|
|
|a Amsterdam ;
|a Oxford :
|b North-Holland,
|c 1984.
|
| 300 |
|
|
|a 1 online resource
|
| 336 |
|
|
|a text
|b txt
|2 rdacontent
|
| 337 |
|
|
|a computer
|b c
|2 rdamedia
|
| 338 |
|
|
|a online resource
|b cr
|2 rdacarrier
|
| 500 |
|
|
|a Includes index.
|
| 650 |
|
0 |
|a Rare earth metals.
|
| 650 |
|
0 |
|a Rare earths.
|
| 650 |
|
7 |
|a Rare earth metals.
|2 fast
|0 (OCoLC)fst01090143
|
| 650 |
|
7 |
|a Rare earths.
|2 fast
|0 (OCoLC)fst01090160
|
| 655 |
|
4 |
|a Electronic books.
|
| 700 |
1 |
|
|a Eyring, LeRoy.
|
| 700 |
1 |
|
|a Gschneidner, Karl A.
|
| 776 |
0 |
8 |
|i Print version:
|t Handbook on the physics and chemistry of rare earths / vol. 7.
|d Amsterdam ; Oxford : North-Holland, 1984
|z 0444868518
|w (OCoLC)502206214
|
| 856 |
4 |
0 |
|u https://www.sciencedirect.com/science/handbooks/01681273/7
|z Full Text via HEAL-Link
|